000 01110nam a2200313Ia 4500
003 OSt
005 20221007124206.0
006 a|||||r|||| 00| 0
007 ta
008 221006b |||||||| |||| 00| 0 eng d
020 _a9788126515707 (pbk)
024 _a118015
037 _b2111, 13/12/2010, Educational Book Agency (India)
_cTextbook
040 _aCDL
_cCDL
_beng
041 _2eng
_aeng
082 _aE5:28, N4;3-;7 Carc
100 _aEliel Ernest L
_9311007
245 0 _aStereochemistry of organic compounds
_b Wilen Samuel H Mander Lewis N
260 _aNew
_bDelhi Wiley-India
_c1994
300 _axv, 1267p.
_ccm.
500 _aIncludes bibliographical references.; Glossary 1191-1210p.; Index 1211-1267p.
650 _a Organic compounds
650 _a Stereochemistry
650 _aChemistry
700 _a Mander Lewis N
_9718645
700 _a Wilen Samuel H
_9718646
942 _hE5:28, N4;3-;7 Carc
_cTB
_2CC
999 _c1213158
_d1213158